000 01389nam a2200397 i 4500
001 11964
003 KOSZ 005
005 20220901085600.0
008 070620s1969 pl a g 001 0 pol
015 _aPB 1969/5537
040 _aWA N
_cWA N
_dKOSZ 005/RW
_dKOSZ 005/HR
046 _k1969
080 _a7.037
080 _a7.01
100 1 _aJanicka, Krystyna
_eAutor
245 1 0 _aŚwiatopogląd surrealizmu :
_bjego założenia i konsekwencje dla teorii twórczości i teorii sztuki /
_cKrystyna Janicka.
260 _aWarszawa :
_bPaństwowe Wydawnictwo Naukowe,
_c1969.
300 _a306, [2] s., 12 k. tabl. :
_bil. ;
_c18 cm.
336 _2rdacontent
_aTekst
_btxt
337 _2rdamedia
_aBez urządzenia pośredniczącego
_bn
338 _2rdacarrier
_aWolumin
_bnc
380 _aKsiążki
380 _aPublikacje popularnonaukowe
388 _a1901-2000
388 _a1945-1989
504 _aBibliogr. s. 291-[296]. Indeks.
600 1 4 _aBreton, André
_d(1896-1966)
650 4 _aSurrealizm
650 4 _aStyle i kierunki artystyczne
650 4 _aTeoria sztuki
655 _aOpracowanie
658 _aKultura i sztuka
710 2 _aPaństwowe Wydawnictwo Naukowe
_4pbl.
856 _uhttp://koha.tu.koszalin.pl/cgi-bin/koha/opac-detail.pl?biblionumber=11964
_yKatalog online BPK
942 _2UKD
_cKS
999 _c11964
_d11964